000 00489naa a2200157 a 4500
003 BD-RjUL
005 20240123104731.0
008 240123s1937 p ||||| |||| 00| 0 urd d
035 _a(BD-RjUL)
040 _aBD-RjUL
_beng
_cBD-RjUL
041 _aeng
245 1 0 _aفرہنگ دیوان فرخی ;; Farang Diwan Farkhi /
_cسيد اولاد حسين شادن ;; Sayed Awlad Hussein Shaden
260 _aLahore :
_bSaikh Mubarak ali,
_c1937
300 _a92 p. ;
_c18 cm
942 _2ddc
_cBK
999 _c82733
_d82733